000 00595nam a2200205Ii 4500
003 JO-AjNU
008 230606s9999||||xx |||||||||||||| ||und||
020 _a978-93-329-0167-4/93-329-0167-8
040 _aJO-AjNU
_beng
_erda
_cJO-AjNU
041 _aeng
050 1 4 _aTR693.W64 2014
100 3 _aWolf, Paul,
_eauthor
_94339
245 0 0 _aElements of Photogrammetry
264 3 1 _aNew York :Mcgraw hill ,2014
300 _a562P
336 _atext
_btxt
_2rdacontent
337 _aunmediated
_bn
_2rdamedia
338 _avolume
_bnc
_2rdacarrier
650 4 _aElements of Photogrammetry
_94340
999 _aE2255
_c2253
_d2253